000 00278nam a22001097a 4500
008 160512b xxu||||| |||| 00| 0 eng d
020 _a9780073376547
041 _aeng
080 _a61
245 _aSports in society issues and controversies:
_cJay Coakley;Ph.D;
942 _2udc
_cBK
999 _c2062
_d2062